| 000 | 01272cam a2200313 a 4500 | ||
|---|---|---|---|
| 999 |
_c7320 _d7320 |
||
| 001 | 4488938 | ||
| 003 | OSt | ||
| 005 | 20211004112438.0 | ||
| 008 | 970512s1998 enka b 001 0 eng | ||
| 010 | _a 97017393 | ||
| 020 | _a0521590841 (hardback) | ||
| 020 | _a0521599148 (paperback) | ||
| 040 |
_aDLC _cDDC _dDLC |
||
| 050 | 0 | 0 |
_aQ183.9 _b.S83 1998 |
| 082 | 0 | 0 | _a621.367STA 1998 |
| 100 | 1 |
_aStarck J.-L, Murtagh F., Bijaoui A.; _q(Jean-Luc), _d1965- _915005 |
|
| 245 | 1 | 0 |
_aImage processing and data analysis. _bThe Multiscale Approach. _cEdited by Starck J.-L, Murtagh F. and Bijaoui A.; |
| 260 |
_aNew York : _bCambridge University Press, _c1998. |
||
| 300 |
_ax,287p. _bill; _c26cm. |
||
| 504 | _aIncludes; bibliographical references (p. [271]-285) and index. | ||
| 650 | 0 |
_aEngineering _9373 |
|
| 700 | 1 |
_aMurtagh, Fionn. _915006 |
|
| 700 | 1 |
_aBijaoui, A. _915007 |
|
| 856 | 4 | 2 |
_3Publisher description _uhttp://www.loc.gov/catdir/description/cam028/97017393.html |
| 856 | 4 | 1 |
_3Table of contents _uhttp://www.loc.gov/catdir/toc/cam021/97017393.html |
| 906 |
_a7 _bcbc _corignew _d1 _eocip _f19 _gy-gencatlg |
||
| 942 |
_2ddc _cO_SHELF |
||